¿Cómo fortalecer el interés y la colaboración de lo smiembros de la cooperativa? /

Guardado en:
Bibliografiske detaljer
Hovedforfatter: Rust, Irwin W.
Andre forfattere: LeBeau, Oscar
Format: Texto
Udgivet: México: Centro Regional de Ayuda Técnica
Tags: Tilføj Tag
Ingen Tags, Vær først til at tagge denne postø!

MARC

LEADER 00000 a a2200000 04500
001 17203
003
040
090 |a 005200  
100 |a Rust, Irwin W.  
245 |a ¿Cómo fortalecer el interés y la colaboración de lo smiembros de la cooperativa? /  |c Irwin W. Rust 
260 |a México:   |b Centro Regional de Ayuda Técnica  
300 |a 12 p.  
700 |a LeBeau, Oscar  
999 |c 11427  |d 11427